| 000 | 01593cad a22002415a 4500 | ||
|---|---|---|---|
| 001 | L144869 | ||
| 008 | 080815e20080814xxk f 000 0 eng d | ||
| 035 | _a(Sirsi) u144869 | ||
| 041 | 0 | _aeng | |
| 050 | 0 | 4 | _a346.4104342 $2 18 |
| 110 | 2 |
_aThe Law Commission _93306 |
|
| 245 | 0 | 0 |
_aHousing _bencouraging responsible letting _h[electronic resource] |
| 260 |
_aLondon _bThe Law Comission _c2008 |
||
| 505 | 2 | _aIntroduction -- The case for change -- Changing approaches to regulation -- Options for change -- Responses to the consultation paper: a summary -- Ensuring responsible letting: recommendations -- Appendix a: respondents to consultation paper -- Appendix b: analysis of responses to the consultation paper | |
| 520 | _aSeeks to identify and and address challenges to the privately rented sector through regulatory reform. The report proposes a series of phased reforms through the use of smart regulation, where voluntary participation in schemes to raise the status of the sector is preferred to direct changes to regulation. While the option of significant regulatory reform will be left open, it is believed that there are enough tangible benefits for both landlords and tenants to be achieved through support for new and existing voluntary agreements. | ||
| 520 | _aConsultation paper can also be viewed (L138842). | ||
| 521 | _aAdvanced | ||
| 590 | _aKA NTK | ||
| 651 | 4 |
_aEngland and Wales _y1543- |
|
| 690 |
_aResidential property _96266 |
||
| 856 | 4 | 0 |
_uhttps://www.lawcom.gov.uk/lc_reports.htm _zView the item free of charge online at www.lawcom.gov.uk... |
| 942 | _n0 | ||
| 999 |
_c108636 _d108636 |
||